00801pab a2200193 454500008004000000100002200040245004200062260000900104300001500113362001000128520018300138650005000321650004200371650002800413773003400441909001000475999001700485952010500502180718b2003 xxu||||| |||| 00| 0 eng d aBanerjee, Sumanta aUneasy convergence of left and right? c2003 ap.3347-348 a9 Aug aThe ruling Left in West Bengal tends to converge with the ruling Right at the centre in pursuing - half heartedly though - amorat agenda of economic liberalisation. - Reproduced. aEconomic liberalization - India - West Bengal aWest Bengal - Politics and government aPolitics and government aEconomic and Political Weekly a57759 c57759d57759 00104070aIIPAbIIPAd2018-07-19hVolume no: 38, Issue no: 32pAR58204r2018-07-19w2018-07-19yAR